[Event "Baden-ch Seniors"]
[Site "Waldshut Tiengen"]
[Date "2014.06.20"]
[Round "8"]
[White "Forster, Manfred"]
[Black "Seyffer, Guenther"]
[Result "0-1"]
[WhiteElo "1737"]
[BlackElo "1998"]
[PlyCount "50"]
[EventDate "2014.06.14"]
[EventType "swiss"]
[EventRounds "9"]
[EventCountry "GER"]
[SourceTitle "EXT 2015"]
[Source "ChessBase"]
[SourceDate "2014.11.20"]
[SourceVersion "1"]
[SourceVersionDate "2014.11.20"]
[SourceQuality "1"]

1. d4 c5 2. e4 cxd4 3. f4 Nc6 4. Nf3 Qb6 5. Bd3 e6 6. 0-0 Nf6 7. Nbd2 d5 8. exd5 Nxd5 9. Nc4 Qc7 10. Nfe5 Nf6 11. a3 g6 12. Qe2 Bg7 13. Bd2 0-0 14. Rf2 b5 15. Nxc6 bxc4 16. Ba5 Qxc6 17. Bxc4 Bb7 18. Bb5 Qd5 19. c4 dxc3 20. Bxc3 Rfd8 21. Qf1 Ne4 22. Bc4 Qc5 23. Bb4 Qb6 24. Be2 Bd4 25. Kh1 Bxf2 0-1

[Event "Baden-ch Seniors"]
[Site "Waldshut Tiengen"]
[Date "2014.06.17"]
[Round "5"]
[White "Seyffer, Guenther"]
[Black "Reichstein, Hans Joerg"]
[Result "0-1"]
[WhiteElo "1998"]
[BlackElo "2072"]
[PlyCount "86"]
[EventDate "2014.06.14"]
[EventType "swiss"]
[EventRounds "9"]
[EventCountry "GER"]
[SourceTitle "EXT 2015"]
[Source "ChessBase"]
[SourceDate "2014.11.20"]
[SourceVersion "1"]
[SourceVersionDate "2014.11.20"]
[SourceQuality "1"]

1. d4 d5 2. c4 c6 3. Nc3 Nf6 4. Nf3 a6 5. e3 Bg4 6. cxd5 cxd5 7. Be2 Nc6 8. 0-0 e6 9. Qb3 Bxf3 10. gxf3 Bd6 11. f4 0-0 12. Kh1 b5 13. a3 Kh8 14. Bf3 Rc8 15. Qd1 Na5 16. Rg1 Nc4 17. Ne2 Ne4 18. Qf1 Qh4 19. Bxe4 dxe4 20. Qg2 Rg8 21. Ng3 f5 22. b3 Nb6 23. f3 exf3 24. Qxf3 Nd5 25. Bd2 Rc2 26. Rg2 Qh3 27. Rag1 Nf6 28. Qd1 Rgc8 29. Be1 Rxg2 30. Rxg2 Ng4 31. Rc2 Rc7 32. Qe2 h5 33. Rxc7 Bxc7 34. Kg1 Kh7 35. Nf1 Bd6 36. a4 Nf6 37. axb5 axb5 38. Qg2 Qg4 39. h3 Qd1 40. Bh4 Nd5 41. Bf2 Bxf4 42. exf4 Nxf4 43. Qb7 Nxh3+ 0-1

[Event "Bad Woerishofen Seniors op 30th"]
[Site "Bad Woerishofen"]
[Date "2014.03.27"]
[Round "7"]
[White "Nordby, Berndt"]
[Black "Seyffer, Guenther"]
[Result "1-0"]
[WhiteElo "2098"]
[BlackElo "2054"]
[PlyCount "49"]
[EventDate "2014.03.21"]
[EventType "swiss"]
[EventRounds "9"]
[EventCountry "GER"]
[SourceTitle "EXT 2019"]
[Source "ChessBase"]
[SourceDate "2018.10.10"]
[SourceVersion "1"]
[SourceVersionDate "2018.10.10"]
[SourceQuality "1"]

1. Nf3 Nf6 2. d4 c5 3. c4 cxd4 4. Nxd4 Nc6 5. Nc3 a6 6. e3 e6 7. Nc2 Be7 8. Be2 0-0 9. 0-0 Qc7 10. b3 Rd8 11. Bb2 d5 12. cxd5 Nxd5 13. Qe1 Ndb4 14. Nxb4 Bxb4 15. a3 Bd6 16. h3 b5 17. Rc1 Bb7 18. Ne4 Be5 19. Bxe5 Qxe5 20. Nc5 Qc7 21. Bf3 Rac8 22. Nxb7 Qxb7 23. Qc3 Rd6 24. Rfd1 Rxd1+ 25. Rxd1 1-0

[Event "Bad Woerishofen Seniors op 30th"]
[Site "Bad Woerishofen"]
[Date "2014.03.25"]
[Round "5"]
[White "Goris Schouwstra, Adry"]
[Black "Seyffer, Guenther"]
[Result "1/2-1/2"]
[WhiteElo "1886"]
[BlackElo "2054"]
[PlyCount "110"]
[EventDate "2014.03.21"]
[EventType "swiss"]
[EventRounds "9"]
[EventCountry "GER"]
[SourceTitle "EXT 2019"]
[Source "ChessBase"]
[SourceDate "2018.10.10"]
[SourceVersion "1"]
[SourceVersionDate "2018.10.10"]
[SourceQuality "1"]

1. d4 c5 2. d5 d6 3. c4 Nf6 4. Nc3 g6 5. e4 Bg7 6. Bd3 0-0 7. Nge2 e6 8. 0-0 exd5 9. cxd5 a6 10. a4 b6 11. h3 Qc7 12. Be3 Nbd7 13. Ng3 Rb8 14. f4 c4 15. Bc2 b5 16. axb5 axb5 17. Ra7 Qd8 18. Kh2 b4 19. Nce2 b3 20. Bb1 Bb7 21. Nc3 Ne8 22. Bd4 Bxd4 23. Qxd4 Qb6 24. Qxb6 Nxb6 25. f5 Nf6 26. fxg6 fxg6 27. Nb5 Ne8 28. Rxf8+ Kxf8 29. Nc3 Nd7 30. Nge2 Nc5 31. Nd4 Ra8 32. Rxa8 Bxa8 33. g4 Nf6 34. Kg3 Nfd7 35. Kf4 h6 36. h4 Ne5 37. Nd1 Ncd3+ 38. Bxd3 Nxd3+ 39. Ke3 Bb7 40. g5 hxg5 41. hxg5 Ne5 42. Nc3 Ke7 43. Nf3 Nd3 44. Nd1 Bc8 45. Nd4 Bd7 46. Kd2 Nc5 47. Nc3 Bh3 48. Nc6+ Kd7 49. e5 Nd3 50. Na4 dxe5 51. Nb6+ Kd6 52. Nxc4+ Kxd5 53. Kxd3 Kxc6 54. Nxe5+ Kd5 55. Nxg6 Bf5+ 1/2-1/2

[Event "Bad Woerishofen Seniors op 30th"]
[Site "Bad Woerishofen"]
[Date "2014.03.24"]
[Round "4"]
[White "Seyffer, Guenther"]
[Black "Blutharsch, Walter"]
[Result "1/2-1/2"]
[WhiteElo "2054"]
[BlackElo "1882"]
[PlyCount "62"]
[EventDate "2014.03.21"]
[EventType "swiss"]
[EventRounds "9"]
[EventCountry "GER"]
[SourceTitle "EXT 2019"]
[Source "ChessBase"]
[SourceDate "2018.10.10"]
[SourceVersion "1"]
[SourceVersionDate "2018.10.10"]
[SourceQuality "1"]

1. d4 d5 2. c4 c6 3. e3 Nf6 4. Nf3 e6 5. Bd3 Bd6 6. Qc2 Nbd7 7. cxd5 exd5 8. 0-0 0-0 9. Nc3 Nb6 10. h3 Be6 11. b3 h6 12. Ne5 Rc8 13. Qe2 Nfd7 14. f4 Nxe5 15. fxe5 Be7 16. Bb2 c5 17. Rac1 c4 18. Bb1 Qd7 19. Rf3 f5 20. exf6 Rxf6 21. Rxf6 Bxf6 22. Qc2 Kf8 23. Rf1 Ke7 24. Qh7 Kd8 25. Bf5 Kc7 26. Qg6 Kb8 27. Qg3+ Ka8 28. Bxe6 Qxe6 29. Nb5 Qd7 30. Nc3 Re8 31. Ne2 Qe7 1/2-1/2

[Event "Bad Woerishofen Seniors op 30th"]
[Site "Bad Woerishofen"]
[Date "2014.03.23"]
[Round "3"]
[White "Harke, Horst"]
[Black "Seyffer, Guenther"]
[Result "0-1"]
[WhiteElo "1877"]
[BlackElo "2054"]
[PlyCount "88"]
[EventDate "2014.03.21"]
[EventType "swiss"]
[EventRounds "9"]
[EventCountry "GER"]
[SourceTitle "EXT 2019"]
[Source "ChessBase"]
[SourceDate "2018.10.10"]
[SourceVersion "1"]
[SourceVersionDate "2018.10.10"]
[SourceQuality "1"]

1. d4 c5 2. e3 e6 3. Nf3 Nf6 4. Be2 b6 5. 0-0 Bb7 6. Nc3 Be7 7. b3 a6 8. Bb2 cxd4 9. Nxd4 0-0 10. Bf3 d5 11. Be2 Qc7 12. f4 Bb4 13. Nb1 Rc8 14. a3 Be7 15. Nd2 Nbd7 16. b4 b5 17. Rc1 Nb6 18. c3 Na4 19. Ba1 e5 20. N4b3 exf4 21. exf4 Bd6 22. g3 Qe7 23. Bf3 Qe3+ 24. Kg2 Re8 25. Nd4 Bc7 26. Qe2 Qxe2+ 27. Nxe2 Ne4 28. Nb3 Bb6 29. Ned4 g6 30. f5 Rac8 31. Bxe4 dxe4 32. fxg6 hxg6 33. Kf2 Bd5 34. Ke1 Bd8 35. Nc5 Nxc5 36. bxc5 Rxc5 37. h4 Bc7 38. Ne2 Bc4 39. Rf6 a5 40. Nf4 Kg7 41. Ra6 Rf5 42. a4 Bxf4 43. gxf4 Rxf4 44. Rxa5 Rd8 0-1

[Event "Latschach op 29th"]
[Site "Latschach"]
[Date "2013.08.11"]
[Round "3"]
[White "Seyffer, Guenther"]
[Black "Steiner, Stefan"]
[Result "0-1"]
[WhiteElo "2029"]
[BlackElo "2249"]
[PlyCount "88"]
[EventDate "2013.08.10"]
[EventType "swiss"]
[EventRounds "9"]
[EventCountry "AUT"]
[SourceTitle "CBM 155 Extra"]
[Source "ChessBase"]
[SourceDate "2013.08.26"]
[SourceVersion "1"]
[SourceVersionDate "2013.08.26"]
[SourceQuality "1"]

1. d4 Nf6 2. Nf3 e6 3. e3 b6 4. Bd3 Bb7 5. Nbd2 c5 6. 0-0 Be7 7. c3 0-0 8. e4 cxd4 9. cxd4 Ba6 10. Bxa6 Nxa6 11. a3 d5 12. e5 Nd7 13. Qe2 Qc8 14. Ne1 Nc7 15. f4 f5 16. g4 Qe8 17. gxf5 Rxf5 18. Ndf3 Nf8 19. Be3 Ng6 20. Rc1 Rc8 21. Ng2 Rf8 22. Rc3 Na8 23. Rfc1 Rxc3 24. Rxc3 b5 25. Ng5 Bxg5 26. fxg5 Ne7 27. Rc5 a6 28. Nh4 Nb6 29. b3 Qd7 30. Rc1 Rc8 31. Qd2 Rxc1+ 32. Qxc1 Qc6 33. Qxc6 Nxc6 34. Nf3 Kf7 35. Kg2 Kg6 36. Kg3 Kf5 37. Nd2 a5 38. Kf3 a4 39. bxa4 bxa4 40. Nf1 Nc4 41. Ng3+ Kg6 42. h4 Nxa3 43. h5+ Kf7 44. Ne2 Nc2 0-1

[Event "Bad Griesbach Seniors op 13th"]
[Site "Bad Griesbach"]
[Date "2010.12.08"]
[Round "4"]
[White "Lamprecht, Rudolf"]
[Black "Seyffer, Guenther"]
[Result "1/2-1/2"]
[WhiteElo "1905"]
[BlackElo "1900"]
[PlyCount "23"]
[EventDate "2010.12.05"]
[EventType "swiss"]
[EventRounds "7"]
[EventCountry "GER"]
[SourceTitle "EXT 2015"]
[Source "ChessBase"]
[SourceDate "2014.11.20"]
[SourceVersion "1"]
[SourceVersionDate "2014.11.20"]
[SourceQuality "1"]

1. e4 e6 2. d4 d5 3. exd5 exd5 4. Bd3 Nf6 5. Nf3 Be7 6. h3 0-0 7. 0-0 c5 8. dxc5 Bxc5 9. Bg5 Be6 10. Nc3 a6 11. a3 Nbd7 12. Qd2 1/2-1/2

[Event "Bad Griesbach Seniors op 13th"]
[Site "Bad Griesbach"]
[Date "2010.12.07"]
[Round "3"]
[White "Seyffer, Guenther"]
[Black "Schuster, Herbert"]
[Result "1-0"]
[WhiteElo "1900"]
[BlackElo "1676"]
[PlyCount "69"]
[EventDate "2010.12.05"]
[EventType "swiss"]
[EventRounds "7"]
[EventCountry "GER"]
[SourceTitle "EXT 2015"]
[Source "ChessBase"]
[SourceDate "2014.11.20"]
[SourceVersion "1"]
[SourceVersionDate "2014.11.20"]
[SourceQuality "1"]

1. d4 d5 2. e4 c6 3. Nc3 Nf6 4. e5 Ne4 5. Bd3 Bf5 6. Qf3 e6 7. g4 Bg6 8. Nh3 Bb4 9. 0-0 Bxc3 10. bxc3 0-0 11. Nf4 Nd7 12. Qe3 Qh4 13. f3 Ng5 14. Ng2 Nh3+ 15. Kh1 Qh6 16. Qxh6 gxh6 17. Bxh6 Bxd3 18. cxd3 Rfb8 19. f4 f6 20. Rf3 b5 21. Rxh3 b4 22. c4 b3 23. axb3 Rxb3 24. cxd5 cxd5 25. Re3 a5 26. f5 fxe5 27. fxe6 Nf6 28. Rxe5 Rab8 29. Rg5+ Kh8 30. Bg7+ Kg8 31. Bxf6+ Kf8 32. Nf4 Rb1+ 33. Rxb1 Rxb1+ 34. Kg2 a4 35. Rxd5 1-0

[Event "Bad Griesbach Seniors op 13th"]
[Site "Bad Griesbach"]
[Date "2010.12.06"]
[Round "2"]
[White "Mueller, Roland2222"]
[Black "Seyffer, Guenther"]
[Result "0-1"]
[WhiteElo "1635"]
[BlackElo "1900"]
[PlyCount "122"]
[EventDate "2010.12.05"]
[EventType "swiss"]
[EventRounds "7"]
[EventCountry "GER"]
[SourceTitle "EXT 2015"]
[Source "ChessBase"]
[SourceDate "2014.11.20"]
[SourceVersion "1"]
[SourceVersionDate "2014.11.20"]
[SourceQuality "1"]

1. d4 Nf6 2. c4 c5 3. d5 b5 4. cxb5 g6 5. Nc3 d6 6. Nf3 a6 7. e4 Nbd7 8. h3 Bg7 9. Be3 0-0 10. Be2 axb5 11. Bxb5 Ba6 12. Bxa6 Rxa6 13. 0-0 Qb6 14. Qc2 Rb8 15. Rfb1 Qb7 16. a3 Ne8 17. Bd2 c4 18. Nd1 Nc5 19. Qxc4 Nb3 20. Ra2 Rc8 21. Qd3 Nc5 22. Qe3 Nf6 23. Nc3 Nb3 24. Be1 Nd7 25. Ne2 Ndc5 26. Nfd4 Nxd4 27. Nxd4 Bxd4 28. Qxd4 Qb3 29. Raa1 Ra4 30. Bb4 Nd3 31. Qe3 Qc2 32. f3 Raa8 33. Bc3 f6 34. Qd2 Qxd2 35. Bxd2 Rc2 36. Bc3 Nf4 37. Rd1 Rxg2+ 38. Kh1 Rg3 39. Rf1 Rxh3+ 40. Kg1 g5 41. Kf2 Rh2+ 42. Ke1 Nd3+ 43. Kd1 Nxb2+ 44. Bxb2 Rxb2 45. Kc1 Rb3 46. a4 Ra5 47. Kc2 Rb4 48. Rfb1 Rbxa4 49. Rxa4 Rxa4 50. Kd2 h5 51. Rb2 Kf7 52. Ke2 g4 53. Kf2 Ra3 54. fxg4 hxg4 55. Rd2 Kg6 56. Rb2 Ra4 57. Ke3 f5 58. exf5+ Kxf5 59. Rf2+ Ke5 60. Rf7 Re4+ 61. Kd3 Kxd5 0-1

[Event "Bayern-ch Seniors 22nd"]
[Site "Bergen"]
[Date "2010.06.12"]
[Round "1"]
[White "Seyffer, Guenther"]
[Black "Floeren, Ernst"]
[Result "1/2-1/2"]
[WhiteElo "1865"]
[BlackElo "1578"]
[PlyCount "93"]
[EventDate "2010.06.12"]
[EventType "swiss"]
[EventRounds "9"]
[EventCountry "GER"]
[SourceTitle "EXT 2011"]
[Source "ChessBase"]
[SourceDate "2010.11.26"]
[SourceVersion "1"]
[SourceVersionDate "2010.11.26"]
[SourceQuality "1"]

1. d4 e6 2. c4 c5 3. d5 exd5 4. cxd5 d6 5. Nc3 a6 6. a4 Nf6 7. e4 Nbd7 8. f4 g6 9. Nf3 Bg7 10. Bd3 Qe7 11. 0-0 0-0 12. h3 b6 13. Re1 Bb7 14. Be3 Rac8 15. Qe2 c4 16. Bc2 Nc5 17. Bd4 Nh5 18. Bxg7 Kxg7 19. Qd2 Qf6 20. Ne2 Nb3 21. Bxb3 cxb3 22. e5 dxe5 23. fxe5 Qd8 24. Rad1 Kg8 25. Qh6 f6 26. g4 Ng7 27. Nf4 g5 28. exf6 Qxf6 29. Qxg5 Qxf4 30. Qxf4 Rxf4 31. Re3 Rxa4 32. Re7 Ba8 33. Ng5 Rf4 34. Rxg7+ Kxg7 35. Ne6+ Kf6 36. Nxf4 Ke5 37. Nd3+ Kxd5 38. Nb4+ Ke5 39. Nxa6 Rc2 40. Nb4 Rg2+ 41. Kf1 Rh2 42. Nd3+ Ke4 43. Nf2+ Ke3 44. Rd3+ Kf4 45. Rxb3 Bf3 46. Kg1 Rg2+ 47. Kf1 1/2-1/2

[Event "EU-chT Seniors 12th"]
[Site "Dresden"]
[Date "2010.02.18"]
[Round "9"]
[White "Suominen, Antti"]
[Black "Seyffer, Guenther"]
[Result "1/2-1/2"]
[WhiteElo "1877"]
[BlackElo "2048"]
[PlyCount "27"]
[EventDate "2010.02.10"]
[EventType "team-swiss"]
[EventRounds "9"]
[EventCountry "GER"]
[SourceTitle "CBM 134 Extra"]
[Source "ChessBase"]
[SourceDate "2010.03.03"]
[SourceVersion "1"]
[SourceVersionDate "2010.03.03"]
[SourceQuality "1"]
[WhiteTeam "Turku TS (Seniors)"]
[BlackTeam "Stiftung BSW/DBAG (Seniors) III"]
[WhiteTeamCountry "FIN"]
[BlackTeamCountry "GER"]

1. d4 Nf6 2. c4 c5 3. Nf3 b6 4. Bf4 d6 5. Nc3 g6 6. d5 Bg7 7. e4 Nbd7 8. Bd3 0-0 9. 0-0 Nh5 10. Bd2 Re8 11. h3 Nf8 12. Re1 e6 13. Bg5 Qd7 14. Rc1 1/2-1/2

[Event "EU-chT Seniors 12th"]
[Site "Dresden"]
[Date "2010.02.16"]
[Round "7"]
[White "Goldberg, Valerij"]
[Black "Seyffer, Guenther"]
[Result "1-0"]
[WhiteElo "2141"]
[BlackElo "2048"]
[PlyCount "47"]
[EventDate "2010.02.10"]
[EventType "team-swiss"]
[EventRounds "9"]
[EventCountry "GER"]
[SourceTitle "CBM 134 Extra"]
[Source "ChessBase"]
[SourceDate "2010.03.03"]
[SourceVersion "1"]
[SourceVersionDate "2010.03.03"]
[SourceQuality "1"]
[WhiteTeam "Dresden Lokomotiv (Seniors)"]
[BlackTeam "Stiftung BSW/DBAG (Seniors) III"]
[WhiteTeamCountry "GER"]
[BlackTeamCountry "GER"]

1. e4 e6 2. d4 d5 3. Nc3 Nf6 4. Bg5 Be7 5. e5 Nfd7 6. h4 a6 7. Qg4 Bxg5 8. hxg5 Qe7 9. f4 c5 10. 0-0-0 cxd4 11. Rxd4 Nc6 12. Rd3 Qb4 13. a3 Ndxe5 14. axb4 Nxg4 15. Nd1 e5 16. Rxd5 Nxb4 17. Rc5 Bf5 18. Be2 0-0 19. Bxg4 Bxg4 20. Ne3 Bd7 21. Rxe5 Rac8 22. Kb1 Nc6 23. Rd5 Be6 24. Rd1 1-0

[Event "Bad Griesbach Seniors op 12th"]
[Site "Bad Griesbach"]
[Date "2009.12.04"]
[Round "6"]
[White "Krase, Peter Axel"]
[Black "Seyffer, Guenther"]
[Result "0-1"]
[WhiteElo "1806"]
[BlackElo "1918"]
[PlyCount "48"]
[EventDate "2009.11.29"]
[EventType "swiss"]
[EventRounds "7"]
[EventCountry "GER"]
[SourceTitle "EXT 2015"]
[Source "ChessBase"]
[SourceDate "2014.11.20"]
[SourceVersion "1"]
[SourceVersionDate "2014.11.20"]
[SourceQuality "1"]

1. d4 Nf6 2. Nf3 c5 3. e3 e6 4. c3 Nc6 5. Bd3 d5 6. Nbd2 Bd6 7. 0-0 0-0 8. Re1 e5 9. dxe5 Nxe5 10. Nxe5 Bxe5 11. Nf3 Bc7 12. Qc2 Bg4 13. Qe2 Qd6 14. g3 Ne4 15. h3 Nxg3 16. fxg3 Qxg3+ 17. Qg2 Bxf3 18. Qxg3 Bxg3 19. Rf1 Be4 20. Be2 f5 21. c4 d4 22. exd4 cxd4 23. Rd1 Be5 24. Bd3 Rf6 0-1

[Event "Bad Griesbach Seniors op 12th"]
[Site "Bad Griesbach"]
[Date "2009.12.02"]
[Round "4"]
[White "Seyffer, Guenther"]
[Black "Mahrla, Hans"]
[Result "1-0"]
[WhiteElo "1918"]
[BlackElo "1653"]
[PlyCount "57"]
[EventDate "2009.11.29"]
[EventType "swiss"]
[EventRounds "7"]
[EventCountry "GER"]
[SourceTitle "EXT 2015"]
[Source "ChessBase"]
[SourceDate "2014.11.20"]
[SourceVersion "1"]
[SourceVersionDate "2014.11.20"]
[SourceQuality "1"]

1. d4 Nf6 2. Nf3 d5 3. c4 e6 4. Nc3 a6 5. a4 Bb4 6. e3 Ne4 7. Qc2 b6 8. cxd5 exd5 9. Bd3 f5 10. 0-0 0-0 11. Qb3 Nxc3 12. bxc3 Bd6 13. c4 Bb7 14. c5 Be7 15. cxb6 cxb6 16. Rb1 Nd7 17. Bd2 Kh8 18. Rfc1 Rc8 19. Rxc8 Qxc8 20. Rc1 Qb8 21. Bb4 Bd6 22. Ne5 Nxe5 23. dxe5 Bxb4 24. Qxb4 Rc8 25. Rxc8+ Qxc8 26. Qxb6 h6 27. e6 a5 28. e7 Kh7 29. Qxb7 1-0

[Event "EU-chT Seniors 11th"]
[Site "Velden"]
[Date "2009.04.12"]
[Round "8"]
[White "Nordby, Berndt"]
[Black "Seyffer, Guenther"]
[Result "1/2-1/2"]
[WhiteElo "2159"]
[BlackElo "2049"]
[PlyCount "26"]
[EventDate "2009.04.05"]
[EventType "team-swiss"]
[EventRounds "9"]
[EventCountry "AUT"]
[SourceTitle "CBM 129 Extra"]
[Source "ChessBase"]
[SourceDate "2009.05.05"]
[SourceVersion "2"]
[SourceVersionDate "2009.05.20"]
[SourceQuality "1"]

1. d4 c5 2. d5 Nf6 3. Nc3 d6 4. e4 g6 5. Be2 Bg7 6. Nf3 0-0 7. 0-0 a6 8. a4 b6 9. Nd2 Bb7 10. Nc4 Nbd7 11. f3 Ne8 12. Be3 Nc7 13. Qd2 Rb8 1/2-1/2

[Event "EU-chT Seniors 11th"]
[Site "Velden"]
[Date "2009.04.08"]
[Round "4"]
[White "Seyffer, Guenther"]
[Black "Welz, Peter"]
[Result "1-0"]
[WhiteElo "2049"]
[BlackElo "2143"]
[PlyCount "77"]
[EventDate "2009.04.05"]
[EventType "team-swiss"]
[EventRounds "9"]
[EventCountry "AUT"]
[SourceTitle "CBM 129 Extra"]
[Source "ChessBase"]
[SourceDate "2009.05.05"]
[SourceVersion "2"]
[SourceVersionDate "2009.05.20"]
[SourceQuality "1"]

1. d4 f5 2. e4 fxe4 3. Nc3 Nf6 4. Bg5 e6 5. Nxe4 Be7 6. Bxf6 Bxf6 7. Nf3 0-0 8. Bd3 d5 9. Nxf6+ Qxf6 10. 0-0 c5 11. c3 cxd4 12. cxd4 Nc6 13. Rc1 a6 14. Bb1 Kh8 15. Qd3 g6 16. a3 Bd7 17. Qe3 Rac8 18. b4 Qf4 19. Rfe1 Qxe3 20. fxe3 Rce8 21. Ba2 h6 22. e4 dxe4 23. Rxe4 g5 24. Rce1 Kg7 25. Bxe6 Bxe6 26. Rxe6 Rxe6 27. Rxe6 g4 28. d5 Nxb4 29. axb4 gxf3 30. gxf3 Rxf3 31. Rb6 Rf7 32. Kg2 h5 33. Kg3 Rd7 34. Kf4 Rxd5 35. Rxb7+ Kf8 36. h4 a5 37. Ke4 Rd1 38. bxa5 Rh1 39. a6 1-0

[Event "EU-chT Seniors 11th"]
[Site "Velden"]
[Date "2009.04.06"]
[Round "2"]
[White "Seyffer, Guenther"]
[Black "Kristiansen, Erling"]
[Result "1/2-1/2"]
[WhiteElo "2049"]
[BlackElo "2231"]
[PlyCount "33"]
[EventDate "2009.04.05"]
[EventType "team-swiss"]
[EventRounds "9"]
[EventCountry "AUT"]
[SourceTitle "CBM 129 Extra"]
[Source "ChessBase"]
[SourceDate "2009.05.05"]
[SourceVersion "2"]
[SourceVersionDate "2009.05.20"]
[SourceQuality "1"]

1. d4 Nf6 2. Nf3 g6 3. c4 Bg7 4. Nc3 d5 5. e3 0-0 6. Qb3 dxc4 7. Bxc4 Nc6 8. Ne5 Nxe5 9. dxe5 Nd7 10. f4 Nc5 11. Qc2 Bf5 12. e4 Qd4 13. Nb5 Qxe4+ 14. Qxe4 Nxe4 15. Be3 c6 16. Nd4 Rfd8 17. 0-0-0 1/2-1/2

[Event "Bahn-chM"]
[Site "Winterberg"]
[Date "2004.10.01"]
[Round "6"]
[White "Ott, Guenter"]
[Black "Seyffer, Guenther"]
[Result "1/2-1/2"]
[WhiteElo "1775"]
[BlackElo "1955"]
[PlyCount "36"]
[EventDate "2004.09.26"]
[EventType "swiss"]
[EventRounds "7"]
[EventCountry "GER"]
[SourceTitle "EXT 2013"]
[Source "ChessBase"]
[SourceDate "2012.11.22"]
[SourceVersion "1"]
[SourceVersionDate "2012.11.22"]
[SourceQuality "1"]

1. c4 e6 2. Nc3 d5 3. cxd5 exd5 4. d4 Nf6 5. e3 c6 6. Bd3 Be7 7. Nf3 0-0 8. 0-0 Bg4 9. Be2 Nbd7 10. Nh4 Be6 11. f4 Nb6 12. Nf3 Ne4 13. Nxe4 dxe4 14. Nd2 f5 15. b3 Nd5 16. Bc4 Rc8 17. Bxd5 cxd5 18. Nb1 b5 1/2-1/2

[Event "Baden-ch Seniors"]
[Site "Eppingen"]
[Date "2004.04.15"]
[Round "7"]
[White "Seyffer, Guenther"]
[Black "Fries, Karl Heinz"]
[Result "1-0"]
[WhiteElo "2050"]
[BlackElo "1935"]
[PlyCount "101"]
[EventDate "2004.04.??"]
[EventType "swiss"]
[EventRounds "9"]
[EventCountry "GER"]
[SourceTitle "EXT 2005"]
[Source "ChessBase"]
[SourceDate "2004.11.15"]
[SourceVersion "1"]
[SourceVersionDate "2004.11.15"]
[SourceQuality "1"]

1. d4 d5 2. Nf3 e6 3. c4 f5 4. Nc3 c6 5. e3 Nf6 6. Bd3 Be7 7. Qc2 Ne4 8. 0-0 0-0 9. Ne1 g6 10. f3 Nf6 11. Rb1 Na6 12. a3 Nc7 13. c5 Bd7 14. b4 b5 15. Be2 Qe8 16. Nd3 Qf7 17. Bd2 Qg7 18. Ne5 Be8 19. Qc1 Kh8 20. e4 Ng8 21. exd5 exd5 22. f4 Nf6 23. Be3 Rd8 24. Ra1 a6 25. a4 Ne4 26. axb5 axb5 27. Ra7 Bf6 28. Qb2 Bxe5 29. fxe5 Rf7 30. Nxe4 dxe4 31. Bg5 Rdd7 32. Bf6 Rxf6 33. exf6 Qxf6 34. Rd1 Nd5 35. Rxd7 Bxd7 36. Qa3 Qg5 37. Qg3 Qh6 38. h4 Nf4 39. Bf1 Nd5 40. Qg5 Qxg5 41. hxg5 Ne3 42. Ra1 Nxf1 43. Kxf1 Be6 44. Ra7 Kg8 45. g3 e3 46. Ke2 Bd5 47. Kxe3 Be4 48. Kf4 Kf8 49. Rxh7 Kg8 50. Rc7 Kf8 51. Ke5 1-0

[Event "Bad Bertrich Seniors op 4th"]
[Site "Bad Bertrich"]
[Date "2003.??.??"]
[Round "8"]
[White "Schmidt, Eugen"]
[Black "Seyffer, Guenther"]
[Result "1-0"]
[WhiteElo "1930"]
[BlackElo "1935"]
[PlyCount "75"]
[EventDate "2003.12.??"]
[EventType "swiss"]
[EventRounds "9"]
[EventCountry "GER"]
[SourceTitle "EXT 2007"]
[Source "ChessBase"]
[SourceDate "2006.11.23"]
[SourceVersion "1"]
[SourceVersionDate "2006.11.23"]
[SourceQuality "1"]

1. e4 e6 2. d4 d5 3. Nd2 Nf6 4. e5 Nfd7 5. Bd3 c5 6. c3 cxd4 7. cxd4 Nc6 8. Ne2 Qb6 9. Nf3 Bb4+ 10. Kf1 f6 11. Nf4 Nf8 12. Nh5 Qc7 13. exf6 gxf6 14. Nxf6+ Kd8 15. Bg5 Be7 16. Rc1 h6 17. Bh4 Qf4 18. g3 Qd6 19. Kg2 Nd7 20. Nxd7 Bxd7 21. Bxe7+ Kxe7 22. Bb5 Rhg8 23. Ne5 Rac8 24. Rc5 Rg5 25. f4 Rgg8 26. Qh5 Rg7 27. Qh4+ Kf8 28. Rf1 Be8 29. Qxh6 Kg8 30. f5 Rb8 31. Rf2 Rg4 32. Qd2 Rg7 33. f6 Rh7 34. a3 Rh5 35. Qf4 Rh7 36. Qg4+ Kf8 37. h4 Nxe5 38. Qf4 1-0

[Event "Bad Bertrich Seniors op 4th"]
[Site "Bad Bertrich"]
[Date "2003.??.??"]
[Round "7"]
[White "Seyffer, Guenther"]
[Black "Kahn, Manfred"]
[Result "1/2-1/2"]
[WhiteElo "1935"]
[BlackElo "2165"]
[PlyCount "105"]
[EventDate "2003.12.??"]
[EventType "swiss"]
[EventRounds "9"]
[EventCountry "GER"]
[SourceTitle "EXT 2007"]
[Source "ChessBase"]
[SourceDate "2006.11.23"]
[SourceVersion "1"]
[SourceVersionDate "2006.11.23"]
[SourceQuality "1"]

1. c4 e5 2. d3 c6 3. Nf3 Nf6 4. Nbd2 d6 5. g3 h6 6. Bg2 Be6 7. b3 Be7 8. Bb2 0-0 9. 0-0 Nbd7 10. Rc1 Nh7 11. d4 Qc7 12. e4 Bg4 13. Qc2 c5 14. dxe5 dxe5 15. h3 Be6 16. Rfe1 Ng5 17. Nxg5 Bxg5 18. Rcd1 Rad8 19. Nf1 Nb8 20. h4 Be7 21. Ne3 Bd6 22. Bc3 Nc6 23. Nd5 Qc8 24. Qb2 Nd4 25. Bxd4 cxd4 26. Rc1 b6 27. Qd2 f5 28. exf5 Bxf5 29. Be4 Bxe4 30. Rxe4 Qf5 31. Ree1 Rd7 32. Rf1 Qf3 33. Qd1 Qf5 34. b4 Bb8 35. a4 Qh3 36. Qe2 Rdf7 37. Rcd1 g5 38. Qh5 Qe6 39. Rde1 e4 40. hxg5 hxg5 41. f4 gxf4 42. Nxf4 Bxf4 43. Rxf4 Rxf4 44. gxf4 Rf5 45. Qg4+ Kf7 46. Re2 Rf6 47. f5 Rxf5 48. Rg2 Rf6 49. Qg8+ Ke7 50. Qb8 Rg6 51. Qc7+ Kf8 52. Qb8+ Kg7 53. Qc7+ 1/2-1/2